| 000 | 00365nam a2200133 a 4500 | ||
|---|---|---|---|
| 001 | 4984 | ||
| 003 | CDMR | ||
| 005 | 20130116135303.0 | ||
| 008 | 130130s2001||||||||||||||||||||||||||||d | ||
| 040 |
_aCDMR _bcat _cCDMR |
||
| 245 | 0 | _aLLibre del Fòrum Mundial de la TV Infantil 200O | |
| 260 |
_aBarcelona _c2001 _bObservatori Europeu de la Televisió Infantil |
||
| 942 | _cMON | ||
| 999 |
_c4984 _d4984 |
||